Parque de diversiones /

A través de la mirada curiosa de los conductores descubrimos conceptos salientes de la ciencia y la tecnología que están presentes en la montaña rusa, las tazas y el péndulo. Algunos de los temas tratados son: el movimiento, las fuerzas, la energía (sus formas y transformaciones), sistemas oscilator...

Descripción completa

Guardado en:
Autor Principal: Campanella, Juan José
Autores Corporativos: Canal Encuentro., Instituto Nacional de Educación Tecnológica (INET)
Formato: Deslizar
Publicado: Argentina, 2009
Series:Entornos invisibles - Capítulo 1
Materias:
Acceso en línea:https://www.educ.ar/recursos/50682/parque-de-diversiones
Etiquetas: Agregar Etiqueta
Sin Etiquetas, Sea el primero en etiquetar este registro!
LEADER 01414ngm a22003015g 4500
001 CEM.cems023520
008 130507s2009##################0###0#####d
005 20250603145254.0
245 1 0 |a Parque de diversiones /  |c Juan José Campanella. 
260 |a Argentina,  |c 2009 
300 |a 30'. 
490 0 |a Entornos invisibles - Capítulo 1 
500 |a Consultar en ventanilla. 
520 |a A través de la mirada curiosa de los conductores descubrimos conceptos salientes de la ciencia y la tecnología que están presentes en la montaña rusa, las tazas y el péndulo. Algunos de los temas tratados son: el movimiento, las fuerzas, la energía (sus formas y transformaciones), sistemas oscilatorios, operadores, mecanismos, materiales, diseño, calidad y seguridad, sensación de movimiento, efecto de la aceleración sobre el cuerpo humano, mareo cinético. 
538 |a Soporte: DVD - Color: Si - Grabación DRD 
100 1 |a Campanella, Juan José 
710 2 |a Canal Encuentro. 
710 2 |a Instituto Nacional de Educación Tecnológica (INET) 
082 5 3 |/ CAM 
653 |a CIENCIA 
653 |a FISICA 
653 |a QUIMICA 
653 |a ENTORNOS INVISIBLES 
653 |a MOVIMIENTO 
653 |a PROGRAMA DE TELEVISIÓN 
653 |a DOCUMENTAL 
856 |u https://www.educ.ar/recursos/50682/parque-de-diversiones 
859 |a CEMS  |b BIB. CEMS - Depto. Recursos Didacticos  |h 530  |i CAM  |k DRD  |p 2163.15  |t Ej.1